Innovaciones en la enseñanza superior: resumen de comunicaciones
Tallennettuna:
| Aineistotyyppi: | Kirja |
|---|---|
| Kieli: | espanja |
| Julkaistu: |
Santiago
Pontificia Universidad Católica de Chile
1983
|
| Aiheet: | |
| Tagit: |
Lisää tagi
Ei tageja, Lisää ensimmäinen tagi!
|
MARC
| LEADER | 00000nam a2200000 a 4500 | ||
|---|---|---|---|
| 001 | UCY8906 | ||
| 003 | CL-VaPUC | ||
| 008 | 950707e19830900CL |||||||||||||||||spa|d | ||
| 082 | 0 | 4 | |a 378.17 |b INN |2 21 |
| 245 | 1 | 0 | |a Innovaciones en la enseñanza superior: resumen de comunicaciones |
| 300 | |a 315 p | ||
| 942 | |c BK | ||
| 945 | |d 19950707 00:00:00 |a mfernand | ||
| 260 | |a Santiago |b Pontificia Universidad Católica de Chile |c 1983 | ||
| 650 | 0 | |a Educación superior |9 223851 | |
| 650 | 0 | |a Innovaciones pedagógicas |9 307471 | |
| 650 | 0 | |a Métodos de enseñanza |9 270413 | |
| 650 | 0 | |a Universidades |9 256317 | |
| 583 | |a last modification |c 20160914 10:48:08 |k Rodrigo Vera | ||
| 999 | |c 236085 |d 236083 | ||
| 952 | |0 0 |1 0 |4 0 |6 378_170000000000000_INN_1983 |7 0 |8 P |9 243922 |a BIBEDU |b BIBEDU |c BIBEDU_PB |d 2019-11-18 |i 1530828 |o 378.17 INN 1983 |p 1530828 |r 2019-11-18 |w 2019-11-18 |y BK |k EDU | ||